000 00578 a2200169 4500
020 _a033359343X
050 _aRC801
_b.W388 1995
100 _a Watters, David A. K.
_q David Watters, A. K.
_94939
245 _aGastroenterology in the tropics and subtropics :
_ba practical approach /
_cDavid Watters, A. K.
260 _aLondon :
_bMacmillan ;
_cc1995.
300 _aXVII, 446 P . :
_bill ;
_c22 cm .
504 _aincludes index
650 _aGastroenterology
_xTropics.
_94940
650 _aTropical medicine.
_92667
650 _aGastroenterology.
_94911
942 _2lcc
_cBK
_n0
999 _c2480
_d2480